00000000nam 2200000za 4500
0019.846638
003CaOODSP
00520221107153242
007cr |||||||||||
008171106s1983    onc    #o    f000 0 fre d
040 |aCaOODSP|bfre
041 |afre|aeng
043 |an-cn---
0861 |aR5-527/1983-PDF
24500|aElementary/secondary instruction evaluation project |h[ressource électronique] : |bvolume I - executive summary / |cpréparé par Evaluation and Strategic Management Associates Ltd.
24615|aProjet d'évaluation de l'enseignement primaire et secondaire : |bvolume 1 - sommaire à l'intention de la direction
260 |a[Ottawa?] : |bAffaires indiennes et du Nord Canada, Direction de l'évaluation, Orientations générales, |c1983.
300 |a[11], 12 p.
500 |a« Avril 1983. »
500 |aTitre de la p. de t. addit. : Projet d'évaluation de l'enseignement primaire et secondaire : volume 1 - sommaire à l'intention de la direction.
500 |aÉdition numérisée de l’imprimé [par Affaires autochtones et du Nord Canada].
520 |a« En août 1981, la Direction générale de l'évaluation du ministère des Affaires indiennes et du Nord canadien a chargé la société Evaluation and Strategic Management Associates Ltd. de planifier l'évaluation de la composante "Enseignement" du Programme d'éducation primaire et secondaire. L'étude préparatoire à l'évaluation s'est terminée en mars 1982. » -- Introduction, p. [1].
546 |aTexte en français et en anglais avec p. de titre addit., le texte français suit le texte anglais.
69207|2gccst|aIndiens
69207|2gccst|aPolitique éducative
69207|2gccst|aÉvaluation
7101 |aCanada. |bAffaires indiennes et du Nord Canada. |bDirection de l'évaluation.
7102 |aEvaluation and Strategic Management Associates Ltd.
791 |tElementary/secondary instruction evaluation project |eeng|w(CaOODSP)9.845987
85640|qPDF|s1.09 Mo|uhttps://publications.gc.ca/collections/collection_2017/aanc-inac/R5-527-1983.pdf